taco hemingway dopasuj piosenke po jednym wersie pt.2 - Statystyki

Ogólne statystyki
  • Ten quiz został rozwiązany 307 razy
  • Średni wynik to 8 z 15
Statystyki odpowiedzi
wers piosenka % Poprawnych
Trójkąt Warszawski dwa, Krytyka miesza go z błotem 2031
79%
teraz słyszę tylko wiatr, tak mi życie mija Wiatr
78%
Gdy Ciebię widzę momentalnie zamiast mózgu mam dziurę Marsz, Marsz
76%
Znów chyba zrobię trzecią zwrotkę, a potem czwartą, wiesz Kabriolety
72%
Jakim cudem to jest ten tuman, którego wstawiają na tapety? Makarena Freestyle
63%
WWA nie spłonie nigdy, ogień stałby w korku Sanatorium
57%
Popijam szprycer, Kuba przelicza cash z "Candy" Metallica 808
53%
Widzę jej bluzkę. Wiem że ma tam tatuaże pod nią Chodź
52%
Odbierasz i się robi w końcu pozytywniej Abonent jest czasowo niedostępny
51%
ilu muzyków dziś jeździ taryfą Toskania outro
46%
Zjadasz baraninę w cieście, zamiast biodra pożerać? A mówiłem Ci
45%
Ziomek, hakuna matata Czarna kawa czeka
39%
Nie boję się umierać, lecz boję się być miernotą Ślepe sumy
31%
Ludzi zrówna tylko trumna i kolejka przed kiblem Szczękościsk
30%
Nowe hobby: narzekanie na brak wiary Głupi byt
20%
Nie znaleziono quizów pasujących do podanych kryteriów
Rozkład punktacji
Procent ludzi z każdym wynikiem
Percentyl według liczby udzielonych odpowiedzi
Twoja historia wyników
Nie rozwiązałeś tego quizu